| 000 | 00644nam a2200253Ia 4500 | ||
|---|---|---|---|
| 003 | OSt | ||
| 005 | 20221005115621.0 | ||
| 006 | a|||||r|||| 00| 0 | ||
| 007 | ta | ||
| 008 | 221004b |||||||| |||| 00| 0 tam d | ||
| 024 | _a48633 | ||
| 037 | _cTextual | ||
| 040 |
_aCRL _cCRL _btam |
||
| 041 |
_2tam _atam |
||
| 082 | _aO31,1M83x, K1 | ||
| 100 |
_aKaliyanasundharanar Au. _9627856 |
||
| 245 | 0 | _aChittanthiruththal | |
| 260 | _c1961 | ||
| 300 |
_a22p. _ccm. |
||
| 650 | _a TAMIL POETRY | ||
| 650 | _aTAMIL LITERATURE | ||
| 942 |
_hO31,1M83x, K1 _cTEXL _2cc |
||
| 999 |
_c1035397 _d1035397 |
||